Inverted Country Flags: VII - Statistics

General Stats
  • This quiz has been taken 15 times
  • The average score is 12 of 14
Answer Stats
Picture Answer % Correct
Cambodia
100%
Tonga
100%
Vatican City (Holy See)
100%
Cuba
92%
Latvia
92%
North Korea
92%
Paraguay
92%
Vietnam
92%
Denmark
85%
Solomon Islands
85%
St Kitts & Nevis
85%
Togo
85%
The Gambia
62%
Lithuania
54%
No matching quizzes found
Score Distribution
Percent of People with Each Score
Percentile by Number Answered
Your Score History
You have not taken this quiz